ბათუმის შოთა რუსთაველის სახელმწიფო უნივერსიტეტის ბიბლიოთეკა

Christian democracy and the origins of European Union / (ბიბ.ჩანაწერი № 57908)

000 -LEADER
fixed length control field 02252cam a2200469 a 4500
001 - CONTROL NUMBER
control field 15187057
005 - DATE AND TIME OF LATEST TRANSACTION
control field 20210331140746.0
008 - FIXED-LENGTH DATA ELEMENTS--GENERAL INFORMATION
fixed length control field 080220s2007 enk b 001 0 eng
010 ## - LIBRARY OF CONGRESS CONTROL NUMBER
LC control number 2008297260
015 ## - NATIONAL BIBLIOGRAPHY NUMBER
National bibliography number GBA775125
Source bnb
016 7# - NATIONAL BIBLIOGRAPHIC AGENCY CONTROL NUMBER
Record control number 013950384
Source Uk
020 ## - INTERNATIONAL STANDARD BOOK NUMBER
International Standard Book Number 9780521883108 (hbk.)
020 ## - INTERNATIONAL STANDARD BOOK NUMBER
International Standard Book Number 0521883105 (hbk.)
035 ## - SYSTEM CONTROL NUMBER
System control number (OCoLC)ocn173238950
040 ## - CATALOGING SOURCE
Original cataloging agency UKM
Transcribing agency UKM
Modifying agency BTCTA
-- BAKER
-- YDXCP
-- C#P
-- DLC
042 ## - AUTHENTICATION CODE
Authentication code lccopycat
050 00 - LIBRARY OF CONGRESS CALL NUMBER
Classification number JN30
Item number .K35 2007
080 ## - UNIVERSAL DECIMAL CLASSIFICATION NUMBER
Universal Decimal Classification number 321.7(4) K-17
082 04 - DEWEY DECIMAL CLASSIFICATION NUMBER
Classification number 324.2182094
Edition number 22
100 1# - MAIN ENTRY--PERSONAL NAME
Personal name Kaiser, Wolfram.
9 (RLIN) 10897
245 10 - TITLE STATEMENT
Title Christian democracy and the origins of European Union /
Statement of responsibility, etc. Wolfram Kaiser.
260 ## - PUBLICATION, DISTRIBUTION, ETC.
Place of publication, distribution, etc. Cambridge ;
-- New York :
Name of publisher, distributor, etc. Cambridge University Press,
Date of publication, distribution, etc. 2007.
300 ## - PHYSICAL DESCRIPTION
Extent xii, 374 p. ;
Dimensions 24 cm.
490 0# - SERIES STATEMENT
Series statement New studies in European history
504 ## - BIBLIOGRAPHY, ETC. NOTE
Bibliography, etc. note Includes bibliographical references (p. 326-365) and index.
610 20 - SUBJECT ADDED ENTRY--CORPORATE NAME
Corporate name or jurisdiction name as entry element European Union
General subdivision History.
9 (RLIN) 10898
650 #0 - SUBJECT ADDED ENTRY--TOPICAL TERM
Topical term or geographic name entry element Political parties
Geographic subdivision Europe.
9 (RLIN) 10899
650 #0 - SUBJECT ADDED ENTRY--TOPICAL TERM
Topical term or geographic name entry element Democracy
Geographic subdivision Europe.
9 (RLIN) 10900
650 #0 - SUBJECT ADDED ENTRY--TOPICAL TERM
Topical term or geographic name entry element Democracy
General subdivision Religious aspects
-- Christianity.
9 (RLIN) 10901
651 #0 - SUBJECT ADDED ENTRY--GEOGRAPHIC NAME
Geographic name Europe
General subdivision Politics and government
Chronological subdivision 1989-
9 (RLIN) 10902
653 ## - INDEX TERM--UNCONTROLLED
keyword Christian Democracy And The Origins Of European Union
653 ## - INDEX TERM--UNCONTROLLED
keyword ქრისტიანულ დემოკრატიას და ევროკავშირის კავშირებს
653 ## - INDEX TERM--UNCONTROLLED
keyword Христианская демократия и происхождение Европейского союза
856 42 - ELECTRONIC LOCATION AND ACCESS
Materials specified Contributor biographical information
Uniform Resource Identifier http://www.loc.gov/catdir/enhancements/fy0811/2008297260-b.html
856 42 - ELECTRONIC LOCATION AND ACCESS
Materials specified Publisher description
Uniform Resource Identifier http://www.loc.gov/catdir/enhancements/fy0811/2008297260-d.html
856 41 - ELECTRONIC LOCATION AND ACCESS
Materials specified Table of contents only
Uniform Resource Identifier http://www.loc.gov/catdir/enhancements/fy0811/2008297260-t.html
856 42 - ELECTRONIC LOCATION AND ACCESS
Materials specified Book review (H-Net)
Uniform Resource Identifier http://www.h-net.org/reviews/showrev.php?id=24868
856 42 - ELECTRONIC LOCATION AND ACCESS
Materials specified Book review (H-Net)
Uniform Resource Identifier http://www.h-net.org/reviews/showrev.php?id=25564
906 ## - LOCAL DATA ELEMENT F, LDF (RLIN)
a 7
b cbc
c copycat
d 2
e ncip
f 20
g y-gencatlg
942 ## - ADDED ENTRY ELEMENTS (KOHA)
Source of classification or shelving scheme
Koha item type წიგნი
ეგზემპლარები
Withdrawn status Lost status Source of classification or shelving scheme Damaged status Not for loan Permanent Location Current Location Shelving location Date acquired Cost, normal purchase price Full call number Barcode Date last seen Copy number Price effective from Koha item type Public note
          ბათუმის შოთა რუსთაველის სახელმწიფო უნივერსიტეტის მთავარი ბიბლიოთეკა ბათუმის შოთა რუსთაველის სახელმწიფო უნივერსიტეტის მთავარი ბიბლიოთეკა წიგნსაცავი 2021-03-31 90.00 321.7(4) K-17 54100 2021-03-31 54100 2021-03-31 წიგნი 90.00 GEL.